Odborné profilovanie a filozofia architektonickej tvorby /

Gespeichert in:
Bibliographische Detailangaben
1. Verfasser: Havaš, Peter, 1935- (Verfasst von)
Format: Manuskript Buch
Sprache:Slowakisch
Veröffentlicht: Bratislava : Fakulta architektúry Slovenskej technickej univerzity v Bratislave, november 1993
Schlagworte:
Tags: Tag hinzufügen
Keine Tags, Fügen Sie das erste Tag hinzu!

MARC

LEADER 00000ntm a22000003a 4500
001 0115824
003 SK-STU
005 20250606105656.5
007 ta
008 250606s2025----xo-----f-mn---000-0-slo-d
040 |a STU  |b slo 
041 0 |a slo 
044 |a xo  |c SK 
100 1 |a Havaš, Peter,  |d 1935-  |4 aut  |X 496  |7 A000000496 
245 1 0 |a Odborné profilovanie a filozofia architektonickej tvorby /  |c aut. Peter Havaš 
260 |a Bratislava :  |b Fakulta architektúry Slovenskej technickej univerzity v Bratislave,  |c november 1993 
300 |a 27 s.;  |b nestr. príl. 
650 0 7 |a architektonické dielo 
650 0 7 |a dizajnérske dielo 
650 0 7 |a rodinné domy 
650 0 7 |a víkendový dom 
650 0 7 |a polyfunkčný bytový dom, Pribinova 
650 0 7 |a Motorest, Mýto pod Ďumbierom 
650 0 7 |a obradná sieň, Jur nad Hronom 
650 0 7 |a trhovisko 
650 0 7 |a trh 
650 0 7 |a telefónna búdka 
650 0 7 |a budovy pre obchod a služby 
650 0 7 |a pešia zóna, Lučenec 
650 0 7 |a cestovná kancelária 
650 0 7 |a obytný súbor Cisárka, Hlohovec 
996 |b 284AU10415  |c A* 302/V  |l AAKNST  |s P  |a 0  |w 0115824_0001